1023 1429 1504 1462 1999 1340 1799 1040 1111 1233 1889 1156 1676 1932 1816 1374 1893 1193 1421 1091 1230 1840 1310 1193 1610 1599 1427 1928 1865 1982 1629 1520 1158 1919 1368 1999 1441 1628 1718 1173 1249 1826 1527 1779 1613 1072 1115 1763 1306 1853 1692 1274 1689 1885 1724 1735 1829 1649 1314 1747 1187 1167 1412 1576 1613 1392 1280 1438 1568 1377 1380 1265 1673 1564 1342 1914 1130 1833 1011 1259 1839 1930 1318 1087 1690 1179 1576 1278 1359 1235 1154 1232 1230 1826 1474 1867 1738 1431 1163 BCNSPRNW ULIB Ver.6.0+V

เปลี่ยนเป็นภาษาไทย

Change to English
 แสดงรายละเอียดบรรณานุกรม
  กลับหน้าหลัก

Brief Record : Get Marc (ISO 2709) : E-mail record : QR code < ปิดหน้าต่าง
LEADER : 00000nas 2200000uu 4500
001    13399113860
003     ULIB
008    020711s|||| th a 000 0 tha d
022    ^a0858110X
110    ^aวิทยาลัยพยาบาลพระปกเกล้า จันทบุรี
245    ^aวารสารวิทยาลัยพยาบาลพระปกเกล้า จันทบุรี
260    ^aจันทบุรี :^bวารสารวิทยาลัยพยาบาลพระปกเกล้า จันทบุรี,^cม.ป.ป.
310    ^aราย 6 เดือน
850    ^aฉบับที่ 2 ปีที่ 22;ฉบับที่ 1 ปีที่ 23
945    ^p0^l0^i900059
945    ^p0^l0^i900513
999 ^a ทศพร
รายการนี้ยังไม่มีแท็ก
คุณยังไม่ได้ล็อกอิน คุณสามารถมีกิจกรรมร่วมกับเว็บไซต์ได้ แต่ต้องล็อกอินก่อน ::
  ล็อกอิน

รายการสื่อสารสนเทศ (วารสาร)

ดูแบบ: กล่อง รายการ
ARRIVED
ฉบับที่ 2 ปีที่ 22
สถานที่: ห้องสมุดวิทยาเขตสวรรค์ประชารักษ์ >วารสาร
ARRIVED
ฉบับที่ 1 ปีที่ 23
สถานที่: ห้องสมุดวิทยาเขตสวรรค์ประชารักษ์ >วารสาร
รายการใกล้เคียง
    ผู้แต่ง []

BibComment


ยังไม่เคยถูกคอมเมนท์

คอมเมนท์ทรัพยากรรายการนี้
  คอมเมนท์: วารสารวิทยาลัยพย..


 Copyright 2026. Bcnsprnw @Library